Využívanie slnečnej energie pre fotovoltické aplikácie na území Slovenskej republiky
Zhodnotenie prírodného potenciálu využívania slnečnej energie na Slovensku, analýza súčasného stavu rozvoja fotovoltických elektrární, jeho ekonomických príčin a dôsledkov a načrtnutie ďalšieho možného vývoja v tejto oblasti vzhľadom na meniace sa podmienky štátnej podpory.
Na minha lista:
| Autor principal: | |
|---|---|
| Outros Autores: | |
| Formato: | Capítulo de Livro |
| Idioma: | eslovaco |
| Assuntos: | |
| Tags: |
Sem tags, seja o primeiro a adicionar uma tag!
|
MARC
| LEADER | 00000naa a2200000 4500 | ||
|---|---|---|---|
| 001 | 0148740 | ||
| 005 | 20251204124115.5 | ||
| 041 | 0 | |a slo | |
| 044 | |a SK | ||
| 245 | 1 | 0 | |a Využívanie slnečnej energie pre fotovoltické aplikácie na území Slovenskej republiky |c Jaroslav Hofierka, Ján Kaňuk |
| 520 | |a Zhodnotenie prírodného potenciálu využívania slnečnej energie na Slovensku, analýza súčasného stavu rozvoja fotovoltických elektrární, jeho ekonomických príčin a dôsledkov a načrtnutie ďalšieho možného vývoja v tejto oblasti vzhľadom na meniace sa podmienky štátnej podpory. | ||
| 610 | 2 | 0 | |a zdroje energie obnoviteľné |
| 610 | 2 | 0 | |a energia slnečná |
| 610 | 2 | 0 | |a elektrárne |
| 610 | 2 | 0 | |a fotovoltaika |
| 610 | 2 | 0 | |a Slovensko |
| 100 | 1 | |a Hofierka, Jaroslav | |
| 700 | 1 | |a Kaňuk, Ján | |